000 00933cab a2200325 4500
001 ABS52091
008 090401t1995 xxu||||| |||| 00| 0 eng d
035 _a(Sirsi) u59955
041 _aeng
245 _aMarket report: Scotland
260 _c1995
350 _a0
490 _aProperty Week
_v50(4) 26 January 1995, 48-68(11)
650 _aDEMOGRAPHY
650 _aEDINBURGH
650 _aGLASGOW
650 _aINDUSTRIAL RENTS
650 _aOFFICE DEVELOPMENT
650 _aPROPERTY-COMMERCIAL PROPERTY-OFFICE PROPERTY-OFFICE PROPERTY MARKET
650 _aOFFICE RENTS
650 _aPAISLEY PHOENIX
650 _aPLANNING ISSUES
650 _aPROPERTY-COMMERCIAL PROPERTY-RETAIL PROPERTY-RETAIL PROPERTY MARKET
650 _aRETAIL RENTS
650 _aSCOTLAND
650 _aTRANSPORT ISSUES
690 _aPROPERTY-COMMERCIAL PROPERTY-COMMERCIAL PROPERTY MARKET
942 _n0
948 _c04/03/1997
999 _c36896
_d36896